[Event "First Saturday 2008 december IM"]
[Site "Budapest"]
[Date "2008.12.11"]
[Round "6"]
[White "Adams, Nick A"]
[Black "Yatzenko, Anton"]
[Result "1/2-1/2"]
[WhiteElo "2205"]
[BlackElo "2267"]
[PlyCount "111"]
[EventDate "2008.12.06"]

1. d4 Nf6 2. c4 e6 3. Nc3 Bb4 4. e3 O-O 5. Bd3 d5 6. cxd5 exd5 7. a3 Bd6 8.
Nge2 Re8 9. Nb5 Bf8 10. Nf4 a6 11. Nc3 c5 12. dxc5 d4 13. Na4 dxe3 14. Bxe3 Ng4
15. Be2 Nxe3 16. Qxd8 Nc2+ 17. Kd2 Rxd8+ 18. Kxc2 Nc6 19. Bd3 Nd4+ 20. Kc3 g6
21. Nb6 Rb8 22. b4 Bg7 23. Nfd5 Be6 24. Bc4 Nf3+ 25. Kc2 Bf5+ 26. Kc1 Bxa1 27.
Ne7+ Kf8 28. Nxf5 Ne5 29. Nd6 Bd4 30. f4 Be3+ 31. Kc2 Nxc4 32. Nbxc4 Bxf4 33.
Nxf7 Kxf7 34. Rf1 Ke6 35. Rxf4 Rf8 36. Rh4 h5 37. Re4+ Kf6 38. Nd6 Rfd8 39. Rd4
Rd7 40. Kc3 Re7 41. Ne4+ Kg7 42. Kc4 Rf8 43. a4 Rf1 44. b5 Ra1 45. Kd5 axb5 46.
axb5 Kh6 47. Kd6 Rf7 48. h4 Rb1 49. b6 Rb2 50. g3 Re2 51. Rb4 Rc2 52. Ke6 Rf5
53. Kd6 Rf7 54. Rd4 Re2 55. Ke6 Rf5 56. Kd6 1/2-1/2

[Event "First Saturday 2008 december IM"]
[Site "Budapest"]
[Date "2008.12.11"]
[Round "6"]
[White "Karolyi, Tibor Jr"]
[Black "Demir, Gokhan"]
[Result "1/2-1/2"]
[WhiteElo "2363"]
[BlackElo "2239"]
[PlyCount "64"]
[EventDate "2008.12.06"]

1. d4 Nf6 2. Nf3 g6 3. c3 Bg7 4. Nbd2 d5 5. e3 O-O 6. Bd3 Nbd7 7. O-O e5 8.
Nxe5 Nxe5 9. dxe5 Ng4 10. Nf3 Nxe5 11. Nxe5 Bxe5 12. Qc2 Re8 13. b3 Qh4 14. g3
Qf6 15. Bb2 Bh3 16. Rfd1 Qf3 17. Bf1 Bf5 18. Qe2 Be4 19. Qxf3 Bxf3 20. Rd2 a5
21. Bg2 Bxg2 22. Kxg2 c6 23. a4 Rad8 24. Rad1 f5 25. h4 Kf7 26. Kf3 Ke6 27. Ke2
h6 28. Ba1 Bf6 29. c4 Bxa1 30. cxd5+ Rxd5 31. Rxd5 cxd5 32. Rxa1 Rc8 1/2-1/2

[Event "First Saturday 2008 december IM"]
[Site "Budapest"]
[Date "2008.12.11"]
[Round "6"]
[White "Bravetti, Antonio"]
[Black "Bacso, Gabor"]
[Result "1/2-1/2"]
[WhiteElo "2205"]
[BlackElo "2181"]
[PlyCount "56"]
[EventDate "2008.12.06"]

1. d4 Nf6 2. c4 c5 3. d5 e6 4. Nc3 exd5 5. cxd5 d6 6. e4 g6 7. f4 Bg7 8. Bb5+
Nfd7 9. a4 Qh4+ 10. g3 Qe7 11. Nf3 O-O 12. O-O Na6 13. Re1 Nb4 14. h3 a6 15.
Bf1 Re8 16. Be3 b6 17. Qd2 Bb7 18. Bf2 Rad8 19. Rad1 Bh6 20. g4 f6 21. Bg3 Ne5
22. Nh2 Nf7 23. Bc4 Kh8 24. Nf3 Ne5 25. Qe2 Nxf3+ 26. Qxf3 Nc2 27. Rf1 f5 28.
Qf2 Nd4 1/2-1/2

[Event "First Saturday 2008 december IM"]
[Site "Budapest"]
[Date "2008.12.11"]
[Round "6"]
[White "Szalanczy, Emil"]
[Black "Kahn, Evarth dr"]
[Result "1-0"]
[WhiteElo "2343"]
[BlackElo "2297"]
[PlyCount "113"]
[EventDate "2008.12.06"]

1. e4 Nf6 2. e5 Nd5 3. d4 d6 4. Nf3 Bg4 5. Be2 e6 6. h3 Bh5 7. O-O Be7 8. c4
Nb6 9. Nc3 O-O 10. Be3 d5 11. c5 Bxf3 12. gxf3 Nc8 13. f4 f5 14. Bf3 c6 15. b4
Rf7 16. Kh1 g6 17. Rg1 Rg7 18. Qb3 Bh4 19. Rg2 Kh8 20. Rag1 b5 21. cxb6 Nxb6
22. Na4 Nxa4 23. Qxa4 Qb6 24. Rb1 Na6 25. Rc1 Qb5 26. Qxb5 cxb5 27. Rc6 Nxb4
28. Rxe6 Rd7 29. Be2 Rb8 30. a3 Nc2 31. Ra6 Be7 32. h4 Nxa3 33. h5 Rb6 34. Rxb6
axb6 35. hxg6 hxg6 36. Rxg6 Nc4 37. Bd3 b4 38. Bxf5 Ra7 39. Kg2 b3 40. Kf3 b2
41. Re6 b5 42. Kg4 Na3 43. Rh6+ Kg7 44. Rh7+ Kg8 45. Rh1 b4 46. Bh7+ Kf8 47.
Bd3 b3 48. f5 Nc2 49. f6 Bxf6 50. exf6 Ra1 51. Rh7 Rg1+ 52. Kf5 b1=Q 53. Bh6+
Kg8 54. f7+ Kxh7 55. Kf6+ Kxh6 56. f8=Q+ Kh5 57. Be2+ 1-0

[Event "First Saturday 2008 december IM"]
[Site "Budapest"]
[Date "2008.12.11"]
[Round "6"]
[White "Kislik, Erik Andrew"]
[Black "Stigar, Petter"]
[Result "1/2-1/2"]
[WhiteElo "2278"]
[BlackElo "2299"]
[PlyCount "36"]
[EventDate "2008.12.06"]

1. e4 c5 2. Nf3 Nc6 3. d4 cxd4 4. Nxd4 g6 5. Nc3 Bg7 6. Be3 Nf6 7. Bc4 Qa5 8.
O-O O-O 9. Bb3 d6 10. h3 Bd7 11. Re1 Rfe8 12. Qd2 Nxe4 13. Nxc6 Qxc3 14. bxc3
Nxd2 15. Nxe7+ Rxe7 16. Bxd2 Rae8 17. Rxe7 Rxe7 18. Rd1 Bc6 1/2-1/2

[Event "First Saturday 2008 december IM"]
[Site "Budapest"]
[Date "2008.12.12"]
[Round "7"]
[White "Kahn, Evarth dr"]
[Black "Kislik, Erik Andrew"]
[Result "1-0"]
[WhiteElo "2297"]
[BlackElo "2278"]
[PlyCount "147"]
[EventDate "2008.12.06"]

1. a3 e5 2. c4 Nf6 3. d3 d5 4. cxd5 Nxd5 5. Nf3 Nc6 6. g3 f6 7. Bg2 Be6 8. O-O
Qd7 9. Nc3 O-O-O 10. Nxd5 Bxd5 11. Be3 g5 12. Qa4 h5 13. Bxa7 h4 14. Be3 Kb8
15. Rfc1 hxg3 16. hxg3 g4 17. Nh4 Bxg2 18. Kxg2 Qd5+ 19. Qe4 Qxe4+ 20. dxe4 Nd4
21. Bxd4 Rxd4 22. Rd1 Bc5 23. Rxd4 Bxd4 24. Rb1 Re8 25. Nf5 Re6 26. e3 Bb6 27.
Nh6 f5 28. Nxf5 Rc6 29. b3 Rc2 30. Kf1 Rc6 31. Rb2 Ka7 32. Ke2 Ka6 33. Kd3 Kb5
34. Rc2 Rf6 35. Rc4 Rf8 36. Ke2 Rh8 37. Ne7 c6 38. Nf5 Bc7 39. Rc1 Ra8 40. Ra1
Rh8 41. Rd1 Ra8 42. Rd7 Kb6 43. a4 Bb8 44. Nh6 c5 45. Nxg4 c4 46. bxc4 Rxa4 47.
c5+ Kc6 48. Re7 Rxe4 49. f3 Ra4 50. Nxe5+ Kxc5 51. Nd3+ Kc6 52. f4 b5 53. Kf3
b4 54. Re4 Bd6 55. f5 Kb5 56. Re6 Bf8 57. Re8 Bd6 58. Rd8 Ra6 59. e4 b3 60. e5
Bc7 61. Rd7 Kc6 62. Rd4 Ra5 63. Rc4+ Kd7 64. Rb4 Bxe5 65. Nxe5+ Rxe5 66. Kf4
Ra5 67. Rxb3 Ke7 68. Kg5 Kf7 69. Rb7+ Ke8 70. g4 Ra4 71. Kh5 Rf4 72. Rb5 Kf8
73. g5 Rf1 74. Kg6 1-0

[Event "First Saturday 2008 december IM"]
[Site "Budapest"]
[Date "2008.12.12"]
[Round "7"]
[White "Bacso, Gabor"]
[Black "Szalanczy, Emil"]
[Result "1-0"]
[WhiteElo "2181"]
[BlackElo "2343"]
[PlyCount "137"]
[EventDate "2008.12.06"]

1. e4 c5 2. c3 d6 3. d4 Nf6 4. Bd3 g6 5. dxc5 dxc5 6. e5 c4 7. Qa4+ Bd7 8. Qxc4
Ng4 9. f4 e6 10. Be4 Na6 11. Bxb7 Nc5 12. Bxa8 Qxa8 13. Qe2 Qd5 14. Qf3 Nd3+
15. Kd2 Nxf4+ 16. Qxd5 exd5 17. Nf3 Bh6 18. Kc2 Bf5+ 19. Kb3 O-O 20. Bxf4 Bxf4
21. Nbd2 Ne3 22. Nd4 Rb8+ 23. Ka3 Bd7 24. b4 Bxe5 25. N2f3 Bd6 26. Kb3 Nxg2 27.
a4 a5 28. Nb5 Bxb5 29. axb5 axb4 30. Ra6 Bf8 31. Nd4 bxc3 32. Rha1 Kg7 33. Ra8
Rb7 34. R1a7 Rb6 35. Ra6 Bc5 36. Rxb6 Bxb6 37. Kxc3 Ne3 38. Nc2 Nc4 39. Na3 Nd6
40. Ra6 Ne4+ 41. Kc2 Bg1 42. h3 d4 43. Rc6 Nf2 44. Nc4 d3+ 45. Kd2 Bh2 46. b6
Bf4+ 47. Ke1 Ne4 48. Nb2 d2+ 49. Ke2 Nd6 50. Rc7 Nf5 51. Rd7 Be5 52. b7 Kf6 53.
Rd8 Kg5 54. b8=Q Bxb8 55. Rxb8 Kh4 56. Kxd2 Kxh3 57. Rb7 h5 58. Rxf7 Kg2 59.
Rf6 h4 60. Rxg6+ Ng3 61. Nd3 Kf3 62. Ne1+ Kf2 63. Rh6 Ne4+ 64. Kd3 Ng5 65. Rxh4
Kxe1 66. Ke3 Kf1 67. Rf4+ Ke1 68. Rg4 Nh3 69. Rg3 1-0

[Event "First Saturday 2008 december IM"]
[Site "Budapest"]
[Date "2008.12.12"]
[Round "7"]
[White "Demir, Gokhan"]
[Black "Bravetti, Antonio"]
[Result "1-0"]
[WhiteElo "2239"]
[BlackElo "2205"]
[PlyCount "200"]
[EventDate "2008.12.06"]

1. d4 d6 2. c4 e5 3. Nf3 e4 4. Ng5 f5 5. Nh3 Nf6 6. Bg5 Be7 7. e3 O-O 8. Nf4 c6
9. h4 Na6 10. Nc3 Nc7 11. d5 Ng4 12. Bxe7 Qxe7 13. Be2 Ne5 14. h5 c5 15. Qc2 a6
16. a4 Bd7 17. a5 Rab8 18. Na4 Bxa4 19. Rxa4 b5 20. axb6 Rxb6 21. b3 Rfb8 22.
Ra3 Qf6 23. O-O g5 24. hxg6 hxg6 25. f3 exf3 26. Bxf3 Re8 27. Bd1 Nf7 28. Rf3
Re7 29. Ra2 Rb8 30. Rg3 Ne5 31. Qb2 Qh4 32. Qf2 Rh7 33. Rh3 Qxf2+ 34. Kxf2 Rxh3
35. gxh3 Kf7 36. h4 Kf6 37. Kg3 Re8 38. Ra4 Nd7 39. Kf2 Rh8 40. Kg3 Re8 41. Ng2
Nb6 42. Ra2 Nd7 43. Ra1 Ne5 44. Nf4 Nd7 45. Ng2 Ne5 46. Be2 Rb8 47. Ra3 Re8 48.
Kf2 Nd7 49. Ke1 Ne5 50. Kd2 Nd7 51. Bd1 Ne5 52. Ra2 Nd7 53. Kc3 Kf7 54. Rb2 Nf6
55. Bf3 Rc8 56. Kd3 Nd7 57. Bd1 Rb8 58. Kc3 Nf6 59. Bf3 Rc8 60. Rf2 Kg7 61. Rf1
Rb8 62. Rg1 Kh6 63. Nf4 Rg8 64. Kb2 Nd7 65. Bd1 Ne5 66. Ka3 Rb8 67. Rg2 Ne8 68.
Ka4 Nf6 69. Ka5 Nfg4 70. Re2 Nf3 71. Kxa6 Nxh4 72. Ka7 Re8 73. Ne6 Nf6 74. Kb7
Re7+ 75. Kc6 Ne8 76. e4 fxe4 77. Rxe4 Nf5 78. Rf4 Rf7 79. Rf3 g5 80. Rh3+ Nh4
81. Rg3 Nf5 82. Rh3+ Nh4 83. Bg4 Kg6 84. Re3 Nf6 85. Bd1 Nf5 86. Bc2 Ng4 87.
Bxf5+ Rxf5 88. Rg3 Nf6 89. Nxg5 Rxg5 90. Rxg5+ Kxg5 91. Kxd6 Kf5 92. Kxc5 Ke5
93. Kc6 Ne8 94. c5 Nf6 95. d6 Ke6 96. b4 Nd5 97. b5 Nb4+ 98. Kc7 Nd5+ 99. Kc8
Nf6 100. b6 Nd7 1-0

[Event "First Saturday 2008 december IM"]
[Site "Budapest"]
[Date "2008.12.12"]
[Round "7"]
[White "Simonyi, Zoltan"]
[Black "Adams, Nick A"]
[Result "0-1"]
[WhiteElo "2248"]
[BlackElo "2205"]
[PlyCount "114"]
[EventDate "2008.12.06"]

1. d4 Nf6 2. c4 e6 3. Nc3 d5 4. Bg5 Be7 5. e3 O-O 6. Nf3 Ne4 7. Bxe7 Qxe7 8.
Qb3 Nxc3 9. bxc3 dxc4 10. Bxc4 b6 11. h4 Bb7 12. Qc2 Nd7 13. Bd3 h6 14. Bh7+
Kh8 15. Be4 Bxe4 16. Qxe4 c5 17. O-O Nf6 18. Qd3 Rfd8 19. Rfd1 Rac8 20. e4 cxd4
21. cxd4 Qb7 22. Re1 Kg8 23. Rad1 Qc6 24. Ne5 Qc2 25. Re2 Qa4 26. Red2 Nd7 27.
Ng4 h5 28. Ne3 Nf6 29. f3 b5 30. d5 exd5 31. exd5 g6 32. d6 Rd7 33. g3 Rc5 34.
Qb1 Qa5 35. Qb2 Qc3 36. Qxc3 Rxc3 37. Kf2 Kg7 38. Nc2 Ne8 39. Nd4 a6 40. Nb3
Rc6 41. g4 Rcxd6 42. Rxd6 Rxd6 43. Rxd6 Nxd6 44. Ke3 hxg4 45. fxg4 f5 46. Kf4
fxg4 47. Kxg4 Kh6 48. Nc5 a5 49. Nb3 Nc4 50. Nd4 Ne5+ 51. Kf4 Nd3+ 52. Kg4 b4
53. Nc6 a4 54. Nd4 Nc1 55. a3 bxa3 56. Nc2 a2 57. Na1 Nb3 0-1

[Event "First Saturday 2008 december IM"]
[Site "Budapest"]
[Date "2008.12.12"]
[Round "7"]
[White "Toth, Lili"]
[Black "Juhasz, Kristof"]
[Result "1-0"]
[WhiteElo "2194"]
[BlackElo "2214"]
[PlyCount "75"]
[EventDate "2008.12.06"]

1. d4 d5 2. Nf3 Nf6 3. g3 c6 4. Bg2 Bg4 5. O-O Nbd7 6. b3 e6 7. Bb2 Bd6 8. Ne5
Bf5 9. Nd2 O-O 10. Re1 Qc7 11. Nxd7 Qxd7 12. f3 Bb4 13. c3 Bd6 14. e4 dxe4 15.
Nxe4 Be7 16. Qe2 Rfd8 17. Rad1 Qc7 18. c4 a5 19. Nc5 Nd7 20. Nd3 Bf6 21. Ne5
Nxe5 22. dxe5 Be7 23. f4 a4 24. g4 Bg6 25. Bh3 h6 26. f5 exf5 27. gxf5 Bh7 28.
f6 Bc5+ 29. Kh1 Rxd1 30. Qxd1 gxf6 31. e6 f5 32. Qc1 a3 33. Ba1 fxe6 34. Qc3 e5
35. Rxe5 Qd6 36. Rd5 Qg6 37. Rxc5 Re8 38. Bxf5 1-0

[Event "First Saturday 2008 december IM"]
[Site "Budapest"]
[Date "2008.12.13"]
[Round "8"]
[White "Adams, Nick A"]
[Black "Toth, Lili"]
[Result "1/2-1/2"]
[WhiteElo "2205"]
[BlackElo "2194"]
[PlyCount "28"]
[EventDate "2008.12.06"]

1. e4 e5 2. Nf3 Nc6 3. Bb5 a6 4. Ba4 Nf6 5. O-O Be7 6. Re1 b5 7. Bb3 O-O 8. c3
d6 9. d4 Bg4 10. d5 Na5 11. Bc2 c5 12. Nbd2 Nd7 13. h3 Bh5 14. g4 Bg6 1/2-1/2

[Event "First Saturday 2008 december IM"]
[Site "Budapest"]
[Date "2008.12.13"]
[Round "8"]
[White "Karolyi, Tibor Jr"]
[Black "Simonyi, Zoltan"]
[Result "1/2-1/2"]
[WhiteElo "2363"]
[BlackElo "2248"]
[PlyCount "40"]
[EventDate "2008.12.06"]

1. e4 e5 2. Nf3 Nc6 3. Bb5 a6 4. Ba4 Nf6 5. O-O Be7 6. Qe2 d6 7. c3 Bd7 8. d4
O-O 9. Bc2 Re8 10. d5 Nb8 11. c4 a5 12. Nc3 Na6 13. b3 c5 14. Bd2 h6 15. a3 Nh7
16. Rab1 Ng5 17. h3 Nxf3+ 18. Qxf3 Bg5 19. Qe2 Rc8 20. Bd3 Rf8 1/2-1/2

[Event "First Saturday 2008 december IM"]
[Site "Budapest"]
[Date "2008.12.13"]
[Round "8"]
[White "Bravetti, Antonio"]
[Black "Yatzenko, Anton"]
[Result "0-1"]
[WhiteElo "2205"]
[BlackElo "2267"]
[PlyCount "98"]
[EventDate "2008.12.06"]

1. a3 e5 2. c4 Nf6 3. Nc3 c6 4. d4 d6 5. g3 Nbd7 6. Bg2 g6 7. e3 Bg7 8. Nge2
O-O 9. O-O Qe7 10. b4 c5 11. dxc5 dxc5 12. Nd5 Nxd5 13. cxd5 e4 14. Rb1 Rd8 15.
d6 Qe8 16. Qd5 cxb4 17. Rxb4 Nf6 18. Qd2 Qc6 19. Rd1 Bg4 20. Bb2 a5 21. Rd4 Qb5
22. Nc3 Qf5 23. Nd5 Nxd5 24. Rxd5 Qe6 25. Rb1 Bxb2 26. Rxb2 Rd7 27. Qd4 Rc8 28.
h4 Bf3 29. Kh2 h5 30. Qd2 Bxg2 31. Kxg2 Rc6 32. Rxb7 Rxb7 33. d7 Rxd7 34. Rxd7
Qg4 35. Rd8+ Kh7 36. Qb2 Qf3+ 37. Kg1 Qf6 38. Qxf6 Rxf6 39. Re8 Re6 40. Rxe6
fxe6 41. Kg2 Kg7 42. Kh3 Kf6 43. g4 Ke5 44. Kg3 a4 45. f3 Kd5 46. gxh5 gxh5 47.
fxe4+ Kxe4 48. Kf2 Kd3 49. Kf3 e5 0-1

[Event "First Saturday 2008 december IM"]
[Site "Budapest"]
[Date "2008.12.13"]
[Round "8"]
[White "Szalanczy, Emil"]
[Black "Demir, Gokhan"]
[Result "1/2-1/2"]
[WhiteElo "2343"]
[BlackElo "2239"]
[PlyCount "101"]
[EventDate "2008.12.06"]

1. e4 c5 2. Nf3 d6 3. d4 cxd4 4. Nxd4 Nf6 5. Nc3 Nc6 6. Be3 Ng4 7. Bg5 h6 8.
Bh4 g5 9. Bg3 Bg7 10. Nb3 Bxc3+ 11. bxc3 Nf6 12. Bd3 e5 13. h4 Rg8 14. hxg5
hxg5 15. Qe2 Qe7 16. f3 Be6 17. Bf2 O-O-O 18. c4 Rh8 19. O-O-O Nh5 20. Qd2 Kb8
21. Be3 f6 22. Kb2 Qf7 23. Na5 Qc7 24. Nb3 Qf7 25. Qc3 Nf4 26. g3 Ng6 27. Ka1
Qc7 28. c5 Rxh1 29. Rxh1 Rh8 30. Rb1 Bxb3 31. Qxb3 dxc5 32. Bxc5 Rd8 33. Qe6
Nd4 34. Qxf6 Rf8 35. Qd6 Rxf3 36. Bxa7+ Kc8 37. Qxc7+ Kxc7 38. Bb6+ Kc6 39. Ba7
Kc7 40. Rh1 Nf8 41. Bxd4 exd4 42. g4 Rg3 43. Rf1 Nd7 44. Rf7 Kd6 45. Rf5 Ne5
46. Rxg5 Rxg4 47. Rxg4 Nxg4 48. Kb2 Kc5 49. a3 b5 50. Be2 Ne5 51. Kb3 1/2-1/2

[Event "First Saturday 2008 december IM"]
[Site "Budapest"]
[Date "2008.12.13"]
[Round "8"]
[White "Kislik, Erik Andrew"]
[Black "Bacso, Gabor"]
[Result "1-0"]
[WhiteElo "2278"]
[BlackElo "2181"]
[PlyCount "67"]
[EventDate "2008.12.06"]

1. e4 c5 2. Nf3 e6 3. d4 cxd4 4. Nxd4 a6 5. Bd3 Nc6 6. Nxc6 dxc6 7. Nd2 e5 8.
Nc4 Nf6 9. Be3 Qc7 10. Nb6 Rb8 11. Nxc8 Rxc8 12. Qe2 Bd6 13. f3 Qe7 14. O-O-O
b5 15. Kb1 Nd7 16. c3 Nc5 17. Bc2 Ne6 18. Rd2 O-O 19. Rhd1 Rfd8 20. Qf2 Bc7 21.
Bb3 Rxd2 22. Rxd2 Rd8 23. a3 h6 24. g3 h5 25. Kc1 a5 26. Rxd8+ Bxd8 27. Kb1 Bc7
28. Qd2 g6 29. a4 b4 30. cxb4 axb4 31. Bxe6 Qxe6 32. Qxb4 Qh3 33. Ka2 Qxh2 34.
Bh6 1-0

[Event "First Saturday 2008 december IM"]
[Site "Budapest"]
[Date "2008.12.13"]
[Round "8"]
[White "Stigar, Petter"]
[Black "Kahn, Evarth dr"]
[Result "1/2-1/2"]
[WhiteElo "2299"]
[BlackElo "2297"]
[PlyCount "24"]
[EventDate "2008.12.06"]

1. d4 Nf6 2. c4 g6 3. Nc3 Bg7 4. e4 O-O 5. Nf3 d6 6. h3 c5 7. d5 b5 8. cxb5 a6
9. a4 e6 10. dxe6 Bxe6 11. Be2 axb5 12. Bxb5 d5 1/2-1/2

[Event "First Saturday 2008 december IM"]
[Site "Budapest"]
[Date "2008.12.14"]
[Round "9"]
[White "Bacso, Gabor"]
[Black "Stigar, Petter"]
[Result "1/2-1/2"]
[WhiteElo "2181"]
[BlackElo "2299"]
[PlyCount "39"]
[EventDate "2008.12.06"]

1. d4 Nf6 2. Nf3 e6 3. c4 Bb4+ 4. Bd2 Qe7 5. e3 b6 6. Bd3 Bb7 7. Qc2 Bxd2+ 8.
Nbxd2 c5 9. O-O d6 10. dxc5 dxc5 11. Ne5 Nc6 12. Nxc6 Bxc6 13. Ne4 Nxe4 14.
Bxe4 Bxe4 15. Qxe4 O-O 16. Rad1 Rad8 17. Qc2 h6 18. h3 Qf6 19. b3 Qe5 20. Rd2
1/2-1/2

[Event "First Saturday 2008 december IM"]
[Site "Budapest"]
[Date "2008.12.14"]
[Round "9"]
[White "Yatzenko, Anton"]
[Black "Szalanczy, Emil"]
[Result "0-1"]
[WhiteElo "2267"]
[BlackElo "2343"]
[PlyCount "88"]
[EventDate "2008.12.06"]

1. d4 c5 2. d5 e6 3. e4 d6 4. c4 exd5 5. exd5 g6 6. Bd3 Bg7 7. Ne2 Nd7 8. O-O
Nh6 9. Nbc3 O-O 10. b3 Ne5 11. Bc2 Nf5 12. f4 Ng4 13. Bxf5 Bxf5 14. h3 Nf6 15.
Bd2 Re8 16. Rc1 h5 17. Ng3 Qd7 18. Qf3 a6 19. Rfe1 h4 20. Nxf5 Qxf5 21. Rxe8+
Rxe8 22. Re1 Qc2 23. Rxe8+ Nxe8 24. Be1 Qc1 25. Nd1 Bf6 26. f5 g5 27. Kf1 Bd4
28. Ke2 Nf6 29. Bd2 Qc2 30. Qd3 Qxa2 31. Kf3 Nd7 32. Ke2 Ne5 33. Qe4 f6 34. Ne3
Qxb3 35. Ng4 Qxc4+ 36. Kd1 Qb3+ 37. Ke2 Kf7 38. Nh6+ Kf8 39. Ng4 Nxg4 40. Qe6
Ne5 41. Qxd6+ Kg7 42. Bxg5 Qd3+ 43. Ke1 Bc3+ 44. Kf2 Qg3+ 0-1

[Event "First Saturday 2008 december IM"]
[Site "Budapest"]
[Date "2008.12.14"]
[Round "9"]
[White "Simonyi, Zoltan"]
[Black "Bravetti, Antonio"]
[Result "0-1"]
[WhiteElo "2248"]
[BlackElo "2205"]
[PlyCount "68"]
[EventDate "2008.12.06"]

1. d4 c5 2. c3 cxd4 3. cxd4 d5 4. Nf3 Nc6 5. Bf4 Nf6 6. Nc3 e6 7. e3 Bd6 8. Bg3
O-O 9. Bd3 a6 10. Rc1 h6 11. Bb1 Be7 12. O-O Nh5 13. Qc2 f5 14. Be5 Nf6 15. Nh4
Qe8 16. Qe2 Nxe5 17. dxe5 Nd7 18. Nf3 g5 19. h3 h5 20. Rfd1 g4 21. Nh2 Nxe5 22.
f4 Ng6 23. hxg4 hxg4 24. Nxg4 fxg4 25. Qxg4 Rf6 26. Ne2 Bd8 27. Ng3 Qf7 28. Nh5
Rf5 29. e4 Bb6+ 30. Kh1 Rxh5+ 31. Qxh5 Kg7 32. f5 exf5 33. g3 Be6 34. Kg2 Nf4+
0-1

[Event "First Saturday 2008 december IM"]
[Site "Budapest"]
[Date "2008.12.14"]
[Round "9"]
[White "Toth, Lili"]
[Black "Karolyi, Tibor Jr"]
[Result "1/2-1/2"]
[WhiteElo "2194"]
[BlackElo "2363"]
[PlyCount "72"]
[EventDate "2008.12.06"]

1. d4 d5 2. Nf3 c5 3. c3 e6 4. Bf4 Bd6 5. Bxd6 Qxd6 6. e3 Nc6 7. Nbd2 Nge7 8.
Bd3 e5 9. dxe5 Nxe5 10. Nxe5 Qxe5 11. Bb5+ Kf8 12. Nf3 Qc7 13. O-O Qb6 14. Qe2
Bf5 15. c4 a6 16. Ba4 Qb4 17. Bb3 dxc4 18. Bxc4 b5 19. Bd3 Bxd3 20. Qxd3 Qxb2
21. Rad1 Re8 22. Qd6 Qxa2 23. Ne5 Qe6 24. Nd7+ Kg8 25. Qxc5 Nc8 26. Qc7 h5 27.
Rc1 Qd6 28. Qb7 Ne7 29. Rfd1 Qg6 30. Nc5 Rh6 31. Nd3 Rd8 32. Qxe7 Rxd3 33. Rxd3
Qxd3 34. Qe8+ Kh7 35. Qxf7 Qg6 36. Qd5 Qe6 1/2-1/2

[Event "First Saturday 2008 december IM"]
[Site "Budapest"]
[Date "2008.12.14"]
[Round "9"]
[White "Juhasz, Kristof"]
[Black "Adams, Nick A"]
[Result "1/2-1/2"]
[WhiteElo "2214"]
[BlackElo "2205"]
[PlyCount "53"]
[EventDate "2008.12.06"]

1. d4 d5 2. Nf3 e6 3. c4 Nf6 4. g3 c5 5. cxd5 exd5 6. Bg2 Nc6 7. O-O cxd4 8.
Nxd4 Be7 9. Nxc6 bxc6 10. Qc2 Bd7 11. Nc3 O-O 12. Rd1 Qc8 13. Bf4 Bh3 14. Rac1
Qe6 15. Bh1 Rac8 16. Be3 Bf5 17. Qd2 a5 18. Na4 Bb4 19. Qd4 Ng4 20. Nc5 Qg6 21.
Bf3 Rfe8 22. Bxg4 Bxg4 23. f3 Bf5 24. a3 Bxc5 25. Rxc5 Qe6 26. Kf2 Rb8 27. Rd2
1/2-1/2

[Event "First Saturday 2008 december IM"]
[Site "Budapest"]
[Date "2008.12.15"]
[Round "10"]
[White "Karolyi, Tibor Jr"]
[Black "Juhasz, Kristof"]
[Result "1/2-1/2"]
[WhiteElo "2363"]
[BlackElo "2214"]
[PlyCount "25"]
[EventDate "2008.12.06"]

1. e4 c6 2. d4 d5 3. exd5 cxd5 4. c4 dxc4 5. Bxc4 Qc7 6. Be2 Nf6 7. Nc3 Bf5 8.
Nf3 e6 9. O-O Be7 10. d5 Nxd5 11. Nxd5 exd5 12. Qxd5 Be6 13. Qe4 1/2-1/2

[Event "First Saturday 2008 december IM"]
[Site "Budapest"]
[Date "2008.12.15"]
[Round "10"]
[White "Bravetti, Antonio"]
[Black "Toth, Lili"]
[Result "1/2-1/2"]
[WhiteElo "2205"]
[BlackElo "2194"]
[PlyCount "71"]
[EventDate "2008.12.06"]

1. Nf3 Nf6 2. g3 e6 3. Bg2 d5 4. O-O Nbd7 5. b3 Bd6 6. Bb2 O-O 7. c4 c6 8. Qc2
e5 9. d3 Qe7 10. cxd5 cxd5 11. Nc3 a6 12. Nd2 Nb6 13. e4 d4 14. Ne2 Bd7 15.
Rfc1 Rac8 16. Qd1 Ba3 17. Bxa3 Qxa3 18. Nc4 Nxc4 19. Rxc4 b5 20. Qc1 Qa5 21.
Rc2 Rxc2 22. Qxc2 Rc8 23. Qb2 Ne8 24. f4 f6 25. Kf2 b4 26. a3 Qb5 27. Nc1 a5
28. axb4 axb4 29. Bf1 Rc3 30. Be2 Qc5 31. Bd1 Bg4 32. Qd2 Bxd1 33. Qxd1 exf4
34. gxf4 Qc7 35. Ne2 Rc2 36. Kf3 1/2-1/2

[Event "First Saturday 2008 december IM"]
[Site "Budapest"]
[Date "2008.12.15"]
[Round "10"]
[White "Szalanczy, Emil"]
[Black "Simonyi, Zoltan"]
[Result "0-1"]
[WhiteElo "2343"]
[BlackElo "2248"]
[PlyCount "78"]
[EventDate "2008.12.06"]

1. e4 c6 2. d4 d5 3. e5 Bf5 4. Nf3 e6 5. Be2 c5 6. O-O Nc6 7. Be3 cxd4 8. Nxd4
Nge7 9. f4 Nxd4 10. Bxd4 Nc6 11. Bf2 Be7 12. Nc3 O-O 13. Bd3 Bg6 14. Qg4 Qa5
15. Kh1 Rae8 16. a3 Bxd3 17. cxd3 f5 18. Qd1 d4 19. b4 Qd8 20. b5 Nxe5 21. fxe5
dxc3 22. Qb3 Qxd3 23. Rad1 Qe2 24. Rde1 Qb2 25. Qxe6+ Kh8 26. Rb1 Qxa3 27. Ra1
Qb4 28. Rab1 Qa4 29. Qd7 c2 30. Ra1 Qb3 31. Bd4 Ba3 32. e6 Re7 33. Rxf5 Rxd7
34. exd7 Qb1+ 35. Bg1 Qxa1 36. Rxf8+ Bxf8 37. d8=Q Qa3 38. b6 c1=Q 39. bxa7
Qac5 0-1

[Event "First Saturday 2008 december IM"]
[Site "Budapest"]
[Date "2008.12.15"]
[Round "10"]
[White "Kislik, Erik Andrew"]
[Black "Yatzenko, Anton"]
[Result "0-1"]
[WhiteElo "2278"]
[BlackElo "2267"]
[PlyCount "136"]
[EventDate "2008.12.06"]

1. e4 e5 2. Nf3 Nc6 3. Bb5 a6 4. Ba4 Nf6 5. O-O b5 6. Bb3 Bc5 7. c3 d6 8. a4
Bg4 9. d3 h6 10. h3 Bxf3 11. Qxf3 O-O 12. Re1 Na5 13. Bc2 b4 14. Nd2 Rb8 15.
Rb1 b3 16. Bd1 Re8 17. Nf1 d5 18. Ng3 Kh7 19. exd5 Qxd5 20. Qf5+ Kg8 21. Bxh6
Re6 22. Be3 Bxe3 23. Rxe3 g6 24. Qg5 Qd6 25. h4 Nd5 26. Rf3 Nf4 27. Nf5 Qd8 28.
Nh6+ Kg7 29. Nxf7 Kxf7 30. g3 Qxg5 31. hxg5 Kg7 32. gxf4 exf4 33. Rxf4 Re1+ 34.
Kg2 Rbe8 35. Rf3 R8e2 36. Bxe2 Rxb1 37. Re3 Rxb2 38. Bf3 Rc2 39. Re7+ Kf8 40.
Rxc7 Ke8 41. Rc8+ Kd7 42. Rb8 Kc7 43. Rb4 Rxc3 44. Be4 Kd6 45. Bxg6 Nc6 46. Rb7
Na5 47. Rb6+ Kc7 48. Rxa6 Rc5 49. Be4 Rxg5+ 50. Kf3 Re5 51. Ra7+ Kd6 52. Rh7
Kc5 53. Ke3 Kb4 54. Rh1 Re7 55. Kd2 Kxa4 56. Ra1+ Kb4 57. Rb1 Nc4+ 58. Ke1 Kc3
59. Kd1 Na3 60. Rc1+ Kd4 61. Rc8 b2 62. Rd8+ Kc3 63. Rc8+ Kd4 64. Rd8+ Ke5 65.
Rb8 b1=Q+ 66. Rxb1 Nxb1 67. Kc2 Na3+ 68. Kd2 Kd4 0-1

[Event "First Saturday 2008 december IM"]
[Site "Budapest"]
[Date "2008.12.15"]
[Round "10"]
[White "Stigar, Petter"]
[Black "Demir, Gokhan"]
[Result "1-0"]
[WhiteElo "2299"]
[BlackElo "2239"]
[PlyCount "83"]
[EventDate "2008.12.06"]

1. Nf3 Nf6 2. c4 g6 3. Nc3 d5 4. cxd5 Nxd5 5. e4 Nxc3 6. dxc3 Qxd1+ 7. Kxd1 Nd7
8. Be3 f6 9. Nd2 e5 10. Nb3 b6 11. Kc2 Bb7 12. f3 a5 13. a4 Bc6 14. Bc4 Bd6 15.
Rhd1 Ke7 16. Bd5 Bxd5 17. Rxd5 Rhd8 18. Rad1 Nf8 19. Nd2 c6 20. Rd3 Bc7 21. Nc4
Rxd3 22. Rxd3 Rb8 23. b4 Ne6 24. bxa5 bxa5 25. Rd1 f5 26. Rb1 Rxb1 27. Kxb1 f4
28. Bf2 g5 29. Kc2 h5 30. h3 c5 31. Kd3 Kd7 32. Nd2 Kc6 33. Nb3 g4 34. hxg4
hxg4 35. fxg4 Ng5 36. Nd2 Nf7 37. Bh4 Kd7 38. Nf3 Bd6 39. g5 Nh8 40. Kc4 Kc6
41. Bf2 Nf7 42. g6 1-0

[Event "First Saturday 2008 december IM"]
[Site "Budapest"]
[Date "2008.12.15"]
[Round "10"]
[White "Kahn, Evarth dr"]
[Black "Bacso, Gabor"]
[Result "0-1"]
[WhiteElo "2297"]
[BlackElo "2181"]
[PlyCount "54"]
[EventDate "2008.12.06"]

1. e4 c5 2. Nf3 e6 3. d4 cxd4 4. Nxd4 a6 5. Nc3 b5 6. a3 Bb7 7. Bd3 d6 8. O-O
Nf6 9. Kh1 Nbd7 10. f4 Qc7 11. Nf3 Nc5 12. e5 Nfe4 13. Nxe4 Bxe4 14. Bxe4 Nxe4
15. f5 exf5 16. Qd5 Rd8 17. e6 Qc4 18. exf7+ Ke7 19. Bg5+ Nxg5 20. Qxf5 Ne6 21.
Rae1 g6 22. Qh3 Bg7 23. b3 Qd5 24. Re2 Be5 25. Rfe1 Kxf7 26. Nxe5+ dxe5 27.
Rxe5 Qxe5 0-1